Les meilleurs buteurs de l'histoire de l'EA Guingamp - Statistiques

Statistiques générales
  • Ce quiz a été pris 41 fois
  • Le résultat moyen est 5 sur 11
Statistiques - réponses
Buts Nationalité Joueur % Correct
34 France Claudio Beauvue
79%
42 Mali Mustapha Yatabaré
76%
59 France Thibault Giresse
68%
31 Brésil Eduardo
61%
32 France Jimmy Briand
55%
34 France Christophe Mandanne
53%
48 France Stéphane Guivarc'h
45%
54 France Stéphane Carnot
42%
41 France Lionel Rouxel
21%
43 France Fiorèse Fabrice Fiorèse
13%
31 France Yohann Rivière
3%
Aucun quiz correspondant
Distribution des résultats
% des personnes avec chaque résultat
Percentile par nombre de réponses
Votre historique - résultats
Vous n’avez pas pris ce quiz